000 00360nam a22001217a 4500
040 _cRUA
082 _aA284 ឌុំ 2019 C160 Or.1
100 _aឌុំ ដាវុយ,
245 _aWinston Churchill, វិនស្តុន ឆឺឈីល
260 _aPHNOM PENH.
_bRUA.
_c2019.
300 _a179p.
_bill.
_c22cm.
942 _cអភិវឌ្ឍន៍
999 _c25664
_d25664